| 000 | 00000nam##2200000za#4500 |
| 001 | 9.575266 |
| 003 | CaOODSP |
| 005 | 20220901140009 |
| 007 | cr ||||||||||| |
| 008 | 150406|1996||||xxc|||||o f|0| 0 eng|d |
| 040 | |aCaOODSP|beng |
| 043 | |an-cn--- |
| 086 | 1 |aJ3-7/1996-12E-PDF |
| 110 | 1 |aCanada.|bJustice Canada. |
| 245 | 10|aCustody, access and child/spousal support / |h[electronic resource]|cby Desmond Ellis. |
| 260 | |aOttawa - Ontario : |bJustice Canada |c1996. |
| 300 | |a75p.|btables |
| 490 | 1 |aTechnical report|vTR1996-12e |
| 590 | |a12-40-Supp|b2012-10-23 |
| 720 | 1 |aEllis, Desmond |
| 775 | 08|tGarde, droit de visite et pension alimentaire pour l'enfant ou le conjoint / |w(CaOODSP)9.604803 |
| 830 | #0|aTechnical report ;|vTR1996-12e|w(CaOODSP)9.505667 |
| 856 | 40|ahttp://publications.gc.ca|qPDF|s243 KB|uhttps://publications.gc.ca/collections/collection_2012/jus/J3-7-1996-12-eng.pdf|yTR1996-12e |